000 00873nam a2200253 i 4500
001 bg
245 0 0 _aPodstawy ekonomiki przedsiębiorstw :
_bpraca zbiorowa /
_cpod red. Stanisława Marka ; [aut. M. Białasiewicz et al.].
250 _a[Wyd. 2 popr.].
260 _aSzczecin :
_bZrzeszenie Studentów Polskich,
_c1998.
300 _a428 s. :
_brys., wykr. ;
_c24 cm.
504 _aBibliogr. s. 419-428.
650 9 _aPrzedsiębiorstwo
_xekonomika
650 9 _aPrzedsiębiorstwo
_xorganizacja
700 1 _aMAREK, Stanisław.
_eRed.
700 1 _aBIAŁASIEWICZ, Maria.
020 _a8390817055
040 _cBPK
041 0 _apol
080 _a658.1/.5
920 _a83-908170-5-5
942 _cKS
008 s pl f |000 0 pol
999 _c44447
_d44447
856 _uhttp://koha.tu.koszalin.pl/cgi-bin/koha/opac-detail.pl?biblionumber=44447
_yKatalog online BPK